000 01628nam a2200469 i 4500
001 14045
003 KOSZ 005
005 20230213124106.0
008 180512s1970 -usa f 000 0 pol d
040 _aKOSZ 005
_cKOSZ 005/RW
_dKOSZ 005/HR
041 1 _apol
_heng
046 _k1970
080 _a556.53
080 _a502.51
080 _a504.5
080 _a628.1/.3
245 0 0 _aBadania rzek /
_cPeter A. Krenkel [et al. ; tł. pod red. Jana Dojlido] ; Światowa Organizacja Zdrowia.
260 _aAustin,
_bUniwersytet Teksaski ;
_aWarszawa :
_bInstytut Gospodarki Wodnej,
_c1970.
300 _a126 stron :
_bilustracje ;
_c28 cm.
336 _aTekst
_btxt
_2rdacontent
337 _aBez urządzenia pośredniczącego
_bn
_2rdamedia
338 _aWolumin
_bnc
_2rdacarrier
380 _aKsiążki
380 _aPublikacje naukowe
388 _a1901-2000
388 _a1945-1989
490 1 _aProjekt FS ONZ - Polska 26
_vt. 2
504 _aBibliografia przy rozdziałach.
650 4 _aDegradacja środowiska
650 4 _aJakość wody
650 4 _aWoda
650 4 _aWody śródlądowe
650 4 _aRzeki
658 _aInżynieria i technika
658 _aOchrona środowiska
700 1 _aKrenkel, Peter A.
_eAutor
700 1 _aDojlido, Jan Ryszard
_d(1930-2018)
_eRedakcja
710 2 _aŚwiatowa Organizacja Zdrowia
_4pbl.
830 0 _aProjekt FS ONZ - Polska 26
_vt. 2
856 _uhttp://koha.tu.koszalin.pl/cgi-bin/koha/opac-detail.pl?biblionumber=14045
_yKatalog online BPK
942 _2UKD
_cKS
999 _c14045
_d14045